[Event "Druga Liga CS - Istok"]
[Site "?"]
[Date "2006.10.27"]
[Round "9.1"]
[White "Lukic, Igor"]
[Black "Radosavljevic, Slobodan"]
[Result "1/2-1/2"]
[WhiteElo "2087"]
[BlackElo "2254"]
[PlyCount "59"]
[EventDate "2006.09.09"]

1. e4 c5 2. Nf3 g6 3. d4 cxd4 4. Nxd4 Bg7 5. Nc3 Nc6 6. Be3 Nf6 7. Be2 O-O 8.
O-O d5 9. exd5 Nxd5 10. Nxd5 Qxd5 11. Bf3 Qa5 12. Nb3 Qc7 13. c3 Ne5 14. Bf4
Nxf3+ 15. Qxf3 e5 16. Be3 Bd7 17. Rad1 b6 18. Bg5 Be6 19. Rfe1 f6 20. Bc1 Qf7
21. Rd6 Rac8 22. Red1 h6 23. h3 Rfe8 24. g4 Bf8 25. R6d2 a5 26. Re2 Red8 27.
Red2 Rxd2 28. Nxd2 Rd8 29. Qe3 Bc5 30. Qe2 1/2-1/2

[Event "Druga Liga CS - Istok"]
[Site "?"]
[Date "2006.10.27"]
[Round "9.1"]
[White "Markovic, Milan"]
[Black "Petrovic, Dragan"]
[Result "1-0"]
[WhiteElo "2323"]
[BlackElo "2102"]
[PlyCount "95"]
[EventDate "2006.09.09"]

1. e4 c5 2. d4 cxd4 3. c3 d3 4. Bxd3 Nc6 5. c4 d6 6. Nc3 Nf6 7. Nge2 g6 8. O-O
Bg7 9. f3 O-O 10. Be3 Ne5 11. Rc1 b6 12. b3 Nxd3 13. Qxd3 Bb7 14. Rfd1 Nd7 15.
Nd5 Ne5 16. Qd2 Re8 17. Bh6 Bh8 18. Qf4 f6 19. Qd2 e6 20. Ne3 g5 21. h4 Nf7 22.
Ng4 Qe7 23. Ng3 Rad8 24. Re1 gxh4 25. Nh5 Ne5 26. Qf4 Nd3 27. Qh2 Nxe1 28. Rxe1
Kf7 29. Qxh4 Rg8 30. Nf4 Ke8 31. Qh5+ Kd7 32. a4 Kc7 33. a5 Qe8 34. axb6+ axb6
35. Qh4 Qf7 36. Qf2 Rxg4 37. fxg4 Ra8 38. b4 Bc6 39. c5 dxc5 40. bxc5 b5 41.
Qd4 Rd8 42. Qc3 Ra8 43. Qb3 Kb7 44. Nxe6 Qe7 45. Rd1 Re8 46. Rd6 f5 47. Rxc6
Kxc6 48. Qd5# 1-0

[Event "Druga Liga CS - Istok"]
[Site "?"]
[Date "2006.10.27"]
[Round "9.1"]
[White "Djukic, Nebojsa"]
[Black "Illijin, Neboisa"]
[Result "1/2-1/2"]
[WhiteElo "2182"]
[BlackElo "2249"]
[PlyCount "25"]
[EventDate "2006.09.09"]

1. e4 c5 2. c4 e6 3. Nc3 Nc6 4. Nf3 Nf6 5. d4 cxd4 6. Nxd4 Bb4 7. Nxc6 bxc6 8.
Bd3 e5 9. Bd2 d6 10. O-O O-O 11. Qe2 Bg4 12. f3 Bc5+ 13. Be3 1/2-1/2

[Event "Druga Liga CS - Istok"]
[Site "?"]
[Date "2006.10.27"]
[Round "9.2"]
[White "Keca, Dragomir"]
[Black "Turudic, Nenad"]
[Result "1/2-1/2"]
[WhiteElo "2221"]
[BlackElo "2233"]
[PlyCount "21"]
[EventDate "2006.09.09"]

1. Nf3 Nf6 2. c4 c5 3. d4 cxd4 4. Nxd4 Nc6 5. Nc3 e6 6. a3 Be7 7. e4 d6 8. Be2
O-O 9. O-O a6 10. Be3 Qc7 11. Rc1 1/2-1/2

[Event "Druga Liga CS - Istok"]
[Site "?"]
[Date "2006.10.27"]
[Round "9.3"]
[White "Krstic, Petar"]
[Black "Pavlovic, Dejan"]
[Result "1-0"]
[WhiteElo "2203"]
[BlackElo "2308"]
[PlyCount "71"]
[EventDate "2006.09.09"]

1. e4 e5 2. Bc4 Nc6 3. Nf3 d6 4. c3 Be7 5. d3 Nf6 6. a4 O-O 7. O-O h6 8. Nbd2
Nh7 9. h3 Kh8 10. b4 a6 11. Qb3 Qe8 12. Re1 Nd8 13. d4 Bf6 14. Nf1 Ne6 15. Be3
Nhg5 16. Nxg5 Nxg5 17. Ng3 Be6 18. f4 b5 19. Bxe6 Nxe6 20. dxe5 dxe5 21. f5 Bh4
22. fxe6 Bxg3 23. exf7 Rxf7 24. Red1 Rf6 25. Bc5 h5 26. c4 h4 27. cxb5 axb5 28.
a5 Raa6 29. Rd3 Rf4 30. Rf3 Qg6 31. Rxf4 Bxf4 32. Qd3 Rf6 33. Be7 Re6 34. Bxh4
Rd6 35. Qf3 Rc6 36. Bf2 1-0

[Event "Druga Liga CS - Istok"]
[Site "?"]
[Date "2006.10.27"]
[Round "9.3"]
[White "Panic, Milan"]
[Black "Manic, Jovica"]
[Result "1/2-1/2"]
[WhiteElo "2167"]
[BlackElo "2272"]
[PlyCount "91"]
[EventDate "2006.09.09"]

1. Nf3 Nf6 2. c4 c5 3. Nc3 d5 4. cxd5 Nxd5 5. g3 Nc6 6. Bg2 Nc7 7. Qa4 Bd7 8.
Qe4 f6 9. O-O e5 10. e3 Be7 11. d4 f5 12. Qc2 cxd4 13. exd4 e4 14. Ne5 Nxd4 15.
Qd1 Be6 16. Be3 Ndb5 17. Nxb5 Nxb5 18. Qh5+ Kf8 19. Ng6+ hxg6 20. Qxh8+ Kf7 21.
Qxd8 Rxd8 22. Rfd1 Rxd1+ 23. Rxd1 a6 24. f3 Bxa2 25. fxe4 Nd6 26. e5 Nc4 27.
Bd5+ Ke8 28. Bd4 b5 29. Ra1 Bb3 30. Rxa6 Nxe5 31. Re6 Nf3+ 32. Bxf3 Bxe6 33.
Bc6+ Bd7 34. Bxd7+ Kxd7 35. Bxg7 Ke6 36. Kf2 Kd5 37. b3 Ke4 38. Ke2 g5 39. h3
f4 40. gxf4 gxf4 41. Bc3 f3+ 42. Kf1 Kd3 43. Be1 Kc2 44. Kf2 Bh4+ 45. Kf1 Bf6
46. Kg1 1/2-1/2

[Event "Druga Liga CS - Istok"]
[Site "?"]
[Date "2006.10.27"]
[Round "9.3"]
[White "Nikolic, Boban"]
[Black "Kolbert, Engelbert"]
[Result "1/2-1/2"]
[WhiteElo "2222"]
[BlackElo "2158"]
[PlyCount "46"]
[EventDate "2006.09.09"]

1. Nf3 Nf6 2. c4 g6 3. d4 Bg7 4. Nc3 O-O 5. Bf4 c5 6. d5 d6 7. e3 Na6 8. h3 Nc7
9. Be2 a6 10. a4 Rb8 11. a5 b5 12. axb6 Rxb6 13. Qd2 Bf5 14. Ra2 Ne4 15. Nxe4
Bxe4 16. O-O h6 17. Qa5 Bxf3 18. Bxf3 Rb4 19. Ra4 Rxb2 20. e4 Qd7 21. Bg4 f5
22. exf5 gxf5 23. Bd1 Rfb8 1/2-1/2

[Event "Druga Liga CS - Istok"]
[Site "?"]
[Date "2006.10.27"]
[Round "9.4"]
[White "Zafirovski, Mite"]
[Black "Vojinovic, Goran"]
[Result "0-1"]
[WhiteElo "2271"]
[BlackElo "2461"]
[PlyCount "113"]
[EventDate "2006.09.09"]

1. d4 e6 2. c4 f5 3. g3 Nf6 4. Bg2 d5 5. Nf3 c6 6. O-O Bd6 7. Qc2 O-O 8. b3 Qe7
9. Ne5 Nbd7 10. Bb2 Ne4 11. Nd2 Nxd2 12. Qxd2 Nf6 13. Qc2 Bd7 14. Nxd7 Qxd7 15.
e3 g5 16. Qe2 g4 17. f3 gxf3 18. Bxf3 Kh8 19. Rf2 Rg8 20. Rg2 Rg6 21. Bc3 Rag8
22. Be1 Qg7 23. Rc1 Qe7 24. Rc2 Ng4 25. Bxg4 Rxg4 26. Qf3 Qd7 27. cxd5 cxd5 28.
Qd1 R4g7 29. Qd3 Qe8 30. Qd1 Qg6 31. Qf3 Rf7 32. a4 Qg4 33. Qxg4 fxg4 34. Rge2
Bf8 35. Bf2 Bg7 36. Kg2 Rd7 37. h3 gxh3+ 38. Kxh3 Bf8 39. e4 Bd6 40. e5 Be7 41.
Rc3 Bb4 42. Rf3 Rc8 43. Rf6 Rc6 44. Rf3 Kg8 45. Be1 Be7 46. g4 Rc1 47. Rc3 Rc7
48. Rxc7 Rxc7 49. Re3 Rc1 50. Bf2 Kf7 51. Rf3+ Kg6 52. Kg2 a6 53. Kh3 Bg5 54.
Kg2 Be7 55. Kh3 b5 56. axb5 axb5 57. Kg2 0-1

[Event "Druga Liga CS - Istok"]
[Site "?"]
[Date "2006.10.27"]
[Round "9.4"]
[White "Raicevic, Vladimir"]
[Black "Milutinovic, Zoran"]
[Result "1-0"]
[WhiteElo "2446"]
[BlackElo "2174"]
[PlyCount "89"]
[EventDate "2006.09.09"]

1. d4 c6 2. c4 d5 3. Nc3 Nf6 4. Nf3 e6 5. e3 Nbd7 6. Qc2 Be7 7. Bd2 O-O 8. e4
Nxe4 9. Nxe4 dxe4 10. Qxe4 Nf6 11. Qc2 c5 12. Bc3 cxd4 13. Nxd4 Bd7 14. Be2 Qc7
15. O-O Rfd8 16. Rfd1 Rac8 17. Rac1 Bc6 18. Nxc6 Qxc6 19. b3 Rxd1+ 20. Rxd1 Rd8
21. Bf3 Qc7 22. Rxd8+ Bxd8 23. Qd3 b6 24. Be5 Qd7 25. Qxd7 Nxd7 26. Bd6 f6 27.
Bc6 Ne5 28. Be8 a5 29. Kf1 Ng6 30. Bxg6 hxg6 31. c5 bxc5 32. Bxc5 Kf7 33. Ke2
Ke8 34. Kd3 Kd7 35. Kc4 Kc6 36. Bf8 f5 37. Bxg7 Be7 38. Bc3 Kb6 39. Bd4+ Kc6
40. f3 g5 41. h3 f4 42. Bc3 a4 43. b4 a3 44. b5+ Kb7 45. Be5 1-0

[Event "Druga Liga CS - Istok"]
[Site "?"]
[Date "2006.10.27"]
[Round "9.4"]
[White "Jovanovic, Dragan"]
[Black "Milenkovic, Mladen"]
[Result "1-0"]
[WhiteElo "2133"]
[BlackElo "2349"]
[PlyCount "97"]
[EventDate "2006.09.09"]

1. d4 Nf6 2. c4 e6 3. Nc3 Bb4 4. e3 b6 5. Bd3 Bb7 6. Nf3 Ne4 7. Bd2 Nxd2 8.
Qxd2 Bxf3 9. gxf3 Qf6 10. f4 O-O 11. O-O-O d5 12. cxd5 exd5 13. Kb1 Bxc3 14.
Qxc3 c6 15. Rc1 a5 16. h4 Rc8 17. h5 Nd7 18. h6 g6 19. f5 c5 20. dxc5 bxc5 21.
Ka1 Qxc3 22. Rxc3 Ne5 23. Bb1 d4 24. exd4 cxd4 25. Rg3 Ra6 26. Rd1 Rd6 27. f4
Nc4 28. b3 Ne3 29. Rdg1 Rc5 30. fxg6 hxg6 31. Bd3 Kh7 32. Kb2 Kxh6 33. Rg5 f5
34. Rh1+ Kg7 35. Rhg1 Rf6 36. R5g3 Rc3 37. Rxe3 dxe3 38. Kxc3 Rc6+ 39. Kd4 Kf6
40. Kxe3 Re6+ 41. Kd2 Rd6 42. Kc3 Rd8 43. b4 axb4+ 44. Kc4 Ra8 45. Bb1 Rb8 46.
Kb3 Rb6 47. Rc1 g5 48. fxg5+ Kxg5 49. Rc5 1-0

[Event "Druga Liga CS - Istok"]
[Site "?"]
[Date "2006.10.27"]
[Round "9.4"]
[White "Jevtic, Sasa"]
[Black "Rilak, Slavoljub"]
[Result "1/2-1/2"]
[WhiteElo "2123"]
[BlackElo "2077"]
[PlyCount "74"]
[EventDate "2006.09.09"]

1. d4 Nf6 2. Nf3 d5 3. c4 e6 4. Nc3 Nbd7 5. Bg5 Be7 6. e3 a6 7. Qc2 dxc4 8.
Bxc4 b5 9. Bd3 Bb7 10. Ne4 Nxe4 11. Bxe4 Bxe4 12. Qxe4 O-O 13. Bxe7 Qxe7 14.
O-O c5 15. dxc5 Nxc5 16. Qb4 Qa7 17. Ne5 Nd7 18. Nxd7 Qxd7 19. Rfd1 Qa7 20. Qd6
Qb8 21. Rac1 Qxd6 22. Rxd6 Rfd8 23. Rcc6 Rxd6 24. Rxd6 Kf8 25. Kf1 Ke7 26. Rc6
Kd7 27. Rc5 Rc8 28. Rxc8 Kxc8 29. b4 Kc7 30. Ke2 Kd6 31. Kd3 g6 32. f4 e5 33.
g3 f5 34. Kc3 Kd5 35. Kd3 Kd6 36. Kc3 Kd5 37. Kd3 Ke6 1/2-1/2

[Event "Druga Liga CS - Istok"]
[Site "?"]
[Date "2006.10.27"]
[Round "9.6"]
[White "Dimitrijevic, Srdjan"]
[Black "Dezelin, Milan"]
[Result "1/2-1/2"]
[WhiteElo "2308"]
[BlackElo "2333"]
[PlyCount "36"]
[EventDate "2006.09.09"]

1. d4 Nf6 2. c4 e6 3. Nc3 Bb4 4. a3 Bxc3+ 5. bxc3 c5 6. e3 Nc6 7. Bd3 d6 8. Ne2
e5 9. e4 h6 10. O-O g5 11. Re1 Qc7 12. dxc5 dxc5 13. Ng3 Be6 14. Nf1 O-O-O 15.
Qe2 Qd6 16. Bc2 Na5 17. Ne3 Qa6 18. Nd5 Ne8 1/2-1/2

[Event "Druga Liga CS - Istok"]
[Site "?"]
[Date "2006.10.27"]
[Round "9.6"]
[White "Djokic, Nebojsa"]
[Black "Manojlovic, Nebojsa"]
[Result "1/2-1/2"]
[WhiteElo "2256"]
[BlackElo "2172"]
[PlyCount "93"]
[EventDate "2006.09.09"]

1. e4 d5 2. exd5 Qxd5 3. Nc3 Qa5 4. d4 Nf6 5. Bc4 c6 6. Nf3 Bf5 7. Bd2 e6 8.
O-O Qc7 9. Qe2 Be7 10. Bb3 O-O 11. h3 h6 12. Rfe1 Re8 13. Ne5 Nbd7 14. g4 Bh7
15. Nxf7 Nf8 16. Ne5 Nd5 17. Ne4 Ng6 18. Nxg6 Bxg6 19. c4 Nf6 20. Nxf6+ Bxf6
21. Bc3 c5 22. Rad1 Rad8 23. Qe3 Bg5 24. Qe5 Qxe5 25. dxe5 Bd3 26. Kg2 Rf8 27.
f3 g6 28. Rh1 Be2 29. Rxd8 Bxf3+ 30. Kg3 Bxd8 31. Rf1 Bc6 32. Rxf8+ Kxf8 33.
Bc2 Kg7 34. h4 Bc7 35. Bd3 Kf7 36. h5 g5 37. Kf2 Bd8 38. Ke3 Bc7 39. Be4 Bxe4
40. Kxe4 Ke8 41. Bd2 Bd8 42. Be3 Be7 43. Kd3 Kd7 44. Bd2 Bd8 45. Kc2 Kc6 46.
Bc3 Bc7 47. Kd3 1/2-1/2

[Event "Druga Liga CS - Istok"]
[Site "?"]
[Date "2006.10.27"]
[Round "9.6"]
[White "Puzic, Slobodan"]
[Black "Garic, Radomir"]
[Result "1/2-1/2"]
[WhiteElo "2173"]
[BlackElo "2210"]
[PlyCount "36"]
[EventDate "2006.09.09"]

1. d4 Nf6 2. Nf3 c5 3. e3 g6 4. Be2 Bg7 5. O-O b6 6. b3 O-O 7. Bb2 Bb7 8. Nbd2
d6 9. c4 e6 10. Qc2 Nbd7 11. dxc5 Nxc5 12. Rfd1 Rc8 13. Rac1 Qe7 14. Qb1 Rfd8
15. Qa1 a6 16. Nd4 h5 17. Qb1 Ng4 18. N4f3 Nf6 1/2-1/2

[Event "Druga Liga CS - Istok"]
[Site "?"]
[Date "2006.10.27"]
[Round "9.6"]
[White "Stankovic, Goran"]
[Black "Zivanovic, Nenad"]
[Result "0-1"]
[WhiteElo "2074"]
[BlackElo "2200"]
[PlyCount "92"]
[EventDate "2006.09.09"]

1. e4 e5 2. d4 exd4 3. Qxd4 Nc6 4. Qe3 d6 5. Nc3 Nf6 6. Bd2 Be7 7. O-O-O O-O 8.
h4 a6 9. h5 h6 10. Qg3 Kh8 11. f4 Be6 12. f5 Bd7 13. Nf3 b5 14. Bd3 Nb4 15. Kb1
c5 16. Qf4 Nxd3 17. cxd3 b4 18. Ne2 Bb5 19. Nc1 a5 20. g4 Nh7 21. e5 dxe5 22.
Nxe5 Bd6 23. Qe3 Qf6 24. Nc4 Rfe8 25. Qf2 Bxc4 26. dxc4 Be5 27. Bf4 Bd4 28. Qg2
a4 29. Rhe1 a3 30. b3 Rad8 31. Nd3 Ng5 32. Rxe8+ Rxe8 33. Re1 Rxe1+ 34. Nxe1
Qe7 35. Nd3 Ne4 36. Bd2 Nxd2+ 37. Qxd2 Qe4 38. Kc2 Qxg4 39. f6 Qxh5 40. fxg7+
Kxg7 41. Nxb4 Qg6+ 42. Nd3 h5 43. b4 cxb4 44. Qxb4 Qg2+ 45. Kb3 Qe2 46. Nc5
Qe3+ 0-1

[Event "Druga Liga CS - Istok"]
[Site "?"]
[Date "2006.10.27"]
[Round "9.6"]
[White "Madjar, Stanislav"]
[Black "Lepojevic, Nebojsa"]
[Result "1-0"]
[WhiteElo "2182"]
[BlackElo "2071"]
[PlyCount "71"]
[EventDate "2006.09.09"]

1. c4 c5 2. Nc3 Nc6 3. Nf3 g6 4. g3 Bg7 5. Bg2 Nf6 6. O-O O-O 7. d4 d6 8. dxc5
dxc5 9. Be3 Qa5 10. Qa4 Nd7 11. Qxa5 Nxa5 12. Nd2 Rb8 13. Rac1 a6 14. b3 Bd4
15. Bf4 Be5 16. Nd5 Bxf4 17. Nxe7+ Kg7 18. gxf4 Re8 19. Nxc8 Rxe2 20. Rcd1 Rxc8
21. Bf3 Re7 22. Ne4 Nf6 23. Nd6 Rb8 24. Rfe1 Rc7 25. Re5 b6 26. Kg2 Nc6 27.
Bxc6 Rxc6 28. Re7 b5 29. Rxf7+ Kg8 30. Rxf6 bxc4 31. bxc4 Rb2 32. Ne4 Rxf6 33.
Nxf6+ Kf8 34. Ne4 Rxa2 35. Nxc5 a5 36. Rd7 1-0